[Event "SVK-chT1E 1617"]
[Site "Slovakia"]
[Date "2017.02.26"]
[Round "9.8"]
[White "Majer, Miroslav"]
[Black "Koval, Jakub"]
[Result "0-1"]
[WhiteElo "1665"]
[BlackElo "2067"]
[PlyCount "66"]
[EventDate "2016.10.15"]
[EventType "team-tourn"]
[EventRounds "11"]
[EventCountry "SVK"]
[SourceTitle "EXT 2018"]
[Source "ChessBase"]
[SourceDate "2017.10.13"]
[SourceVersion "1"]
[SourceVersionDate "2017.10.13"]
[SourceQuality "1"]
[WhiteTeam "Liptovska Stiavnica"]
[BlackTeam "Presov Slavia PU"]
[WhiteTeamCountry "SVK"]
[BlackTeamCountry "SVK"]

1. Nf3 f5 2. g3 Nf6 3. Bg2 g6 4. d3 Bg7 5. c4 d6 6. 0-0 0-0 7. Nc3 e5 8. Qb3 Re8 9. Ng5 c6 10. c5+ d5 11. e4 Rf8 12. exd5 cxd5 13. Nxd5 Kh8 14. Nxf6 Qxf6 15. Bxb7 Bxb7 16. Qxb7 Nc6 17. Rb1 h6 18. Nf3 e4 19. Ne1 Nd4 20. b3 Rab8 21. Qc7 Nb5 22. Qa5 Qc6 23. Bb2 Nd4 24. Bxd4 Bxd4 25. Nc2 Bg7 26. d4 f4 27. Qd2 f3 28. b4 Rbd8 29. Rbd1 Qe6 30. d5 Qh3 31. Ne3 Rf5 32. g4 Rg5 33. Kh1 Be5 0-1

[Event "SVK-chT2C 1516"]
[Site "Slovakia"]
[Date "2016.03.13"]
[Round "11.7"]
[White "Majer, Miroslav"]
[Black "Masarik, Roman"]
[Result "0-1"]
[WhiteElo "1648"]
[BlackElo "1829"]
[PlyCount "81"]
[EventDate "2015.10.17"]
[EventType "team-tourn"]
[EventRounds "11"]
[EventCountry "SVK"]
[SourceTitle "EXT 2017"]
[Source "ChessBase"]
[SourceDate "2016.10.25"]
[SourceVersion "1"]
[SourceVersionDate "2016.10.25"]
[SourceQuality "1"]
[WhiteTeam "Liptovska Stiavnica"]
[BlackTeam "Dunajov Inbest II"]
[WhiteTeamCountry "SVK"]
[BlackTeamCountry "SVK"]

1. e4 e5 2. Nf3 Nc6 3. Bc4 Nf6 4. d3 Be7 5. 0-0 0-0 6. Nbd2 d6 7. Re1 Na5 8. Bb3 Nxb3 9. axb3 a6 10. Nf1 Be6 11. c3 Ne8 12. Ng3 c5 13. c4 g6 14. h3 Ng7 15. Kh2 b5 16. Ng1 f5 17. Bh6 Rf7 18. Ra2 f4 19. N3e2 b4 20. Ra4 Bh4 21. Rf1 Bxf2 22. Rxf2 Qh4 23. Bxg7 Qxf2 24. Bh6 f3 25. Nf4 Bd7 26. Ra1 Qh4 27. Nxf3 Qxh6 28. Nd5 Bxh3 29. gxh3 Raf8 30. Ng1 Rf2+ 31. Kh1 Rxb2 32. Rxa6 Qh4 33. Rxd6 Qg3 34. Ne2 Qxh3+ 35. Kg1 Qg4+ 36. Kh1 Qh5+ 37. Kg1 Qg5+ 38. Kh1 Rf2 39. Nf6+ Kg7 40. Ng4 Qxg4 41. Rd7+ 0-1

[Event "SVK-chT2C 1415"]
[Site "Slovakia"]
[Date "2015.03.08"]
[Round "11.7"]
[White "Majer, Miroslav"]
[Black "Luptak, Pavol"]
[Result "0-1"]
[WhiteElo "1680"]
[BlackElo "2018"]
[PlyCount "102"]
[EventDate "2014.10.11"]
[EventType "team-tourn"]
[EventRounds "11"]
[EventCountry "SVK"]
[SourceTitle "EXT 2016"]
[Source "ChessBase"]
[SourceDate "2015.10.08"]
[SourceVersion "1"]
[SourceVersionDate "2015.10.08"]
[SourceQuality "1"]
[WhiteTeam "Liptovska Stiavnica"]
[BlackTeam "Banska Bystrica Kurta"]
[WhiteTeamCountry "SVK"]
[BlackTeamCountry "SVK"]

1. e4 e5 2. f4 d6 3. Nf3 Nc6 4. Bc4 Be7 5. 0-0 Nf6 6. d3 0-0 7. Nc3 Bg4 8. Ne2 Bxf3 9. Rxf3 d5 10. exd5 Bc5+ 11. Kh1 Nd4 12. Nxd4 exd4 13. Qf1 Nxd5 14. Bxd5 Qxd5 15. Bd2 f5 16. b3 Ba3 17. Re1 Rae8 18. Rf2 Rxe1 19. Bxe1 Re8 20. Re2 Qc6 21. Bf2 Bb2 22. Rxe8+ Qxe8 23. Qe1 Qxe1+ 24. Bxe1 b5 25. Bb4 Kf7 26. g3 Ke6 27. Kg2 Kd5 28. Kf3 c5 29. Ba5 Bc1 30. Ke2 Kc6 31. Kd1 Be3 32. Ke2 Bc1 33. Kd1 Bb2 34. Ke2 Kb7 35. Kd1 Ka6 36. Bd8 Ba3 37. Be7 Ka5 38. h3 Kb4 39. Kd2 Bb2 40. g4 g6 41. gxf5 gxf5 42. Bd6 a5 43. Be7 Ka3 44. Bxc5+ Kxa2 45. c4 dxc3+ 46. Kc2 Ba3 47. d4 b4 48. d5 a4 49. d6 axb3+ 50. Kd3 b2 51. d7 b1Q+ 0-1

[Event "SVK-chT2C 1415"]
[Site "Slovakia"]
[Date "2015.03.07"]
[Round "10.8"]
[White "Majer, Miroslav"]
[Black "Mikulec, Martin"]
[Result "0-1"]
[WhiteElo "1680"]
[BlackElo "1781"]
[PlyCount "39"]
[EventDate "2014.10.11"]
[EventType "team-tourn"]
[EventRounds "11"]
[EventCountry "SVK"]
[SourceTitle "EXT 2016"]
[Source "ChessBase"]
[SourceDate "2015.10.08"]
[SourceVersion "1"]
[SourceVersionDate "2015.10.08"]
[SourceQuality "1"]
[WhiteTeam "Liptovska Stiavnica"]
[BlackTeam "Banska Bystrica Veza"]
[WhiteTeamCountry "SVK"]
[BlackTeamCountry "SVK"]

1. e4 e5 2. f4 Bc5 3. Nf3 d6 4. Bc4 Nf6 5. d3 Nc6 6. c3 0-0 7. f5 h6 8. Qe2 d5 9. Bb3 Re8 10. Nbd2 a6 11. a4 Ba7 12. Nf1 Qd6 13. h3 Bxf5 14. exf5 e4 15. Kd1 exf3 16. Qxf3 Ne5 17. Bf4 Qb6 18. Bxe5 Qxb3+ 19. Kc1 Rxe5 20. d4 0-1